Electronic Devices & Circuits-II (Record no. 20723)

MARC details
000 -LEADER
fixed length control field 00314nam a22001217a 4500
008 - FIXED-LENGTH DATA ELEMENTS--GENERAL INFORMATION
fixed length control field 240615b |||||||| |||| 00| 0 eng d
100 ## - MAIN ENTRY--AUTHOR NAME
Personal name A. P. Godse & U.A Bakshi
245 ## - TITLE STATEMENT
Title Electronic Devices & Circuits-II
250 ## - EDITION STATEMENT
Edition statement 3rd Rev. Ed.
260 ## - PUBLICATION, DISTRIBUTION, ETC. (IMPRINT)
Place of publication Pune
Name of publisher Technical Pub.
Year of publication 2002
300 ## - PHYSICAL DESCRIPTION
Number of Pages 772
942 ## - ADDED ENTRY ELEMENTS (KOHA)
Source of classification or shelving scheme Dewey Decimal Classification
Koha item type Books
Holdings
Accession Number Source of acquisition Price effective from Koha item type Withdrawn / writtenoff status Damaged status Not for loan Permanent Location Current Location Shelving location Date acquired Lost/ Missing status department
BB 1420 Donated By Dr. Ankita Nanda HOD MBA Department 06/15/2024 Books       MIET Library, Jammu MIET Library, Jammu 103/5 06/14/2024   BB